000 00458cam a2200181ua 4500
020 _c9.60
041 _aeng
_h
082 _a531
_bBES/TR
100 _aBesant, W.H.
245 _aTreatise on hydromechanics Part I & II /
_cW.H Beasant.
_hTextual Documents
260 _aLondon :
_bThe English Language book society ,
_c1962.
300 _a415 ; .
365 _a9.60
504 _a
700 1 _aRamsey, A.S.
942 _cBK
999 _c7509
_d7509